The tawasin of Mansur al-Hallaj / (Record no. 1849)
[ view plain ]
| 000 -LEADER | |
|---|---|
| fixed length control field | 00739nac a22002051u 4500 |
| 010 ## - LIBRARY OF CONGRESS CONTROL NUMBER | |
| LC control number | 74021376 |
| 082 00 - DEWEY DECIMAL CLASSIFICATION NUMBER | |
| Classification number | 297.4 |
| Item number | A3162 |
| 090 ## - LOCALLY ASSIGNED LC-TYPE CALL NUMBER (OCLC); LOCAL CALL NUMBER (OCLC) | |
| -- | 1849 |
| -- | 1849 |
| 100 ## - MAIN ENTRY--PERSONAL NAME | |
| Personal name | Al-Hallaj, Mansur |
| 245 14 - TITLE STATEMENT | |
| Title | The tawasin of Mansur al-Hallaj / |
| Statement of responsibility, etc | translated by Aisha Abd ar-Rahman at-Tarjumana. |
| 260 ## - PUBLICATION, DISTRIBUTION, ETC. (IMPRINT) | |
| Place of publication, distribution, etc | Berkeley : |
| Name of publisher, distributor, etc | Diwan Press, |
| Date of publication, distribution, etc | 1974. |
| 300 ## - PHYSICAL DESCRIPTION | |
| Extent | 81 p. ; |
| Dimensions | 22 cm. |
| 490 0# - Series Statement | |
| Series statement | The Sufic path series |
| 500 ## - GENERAL NOTE | |
| General note | Translation of al-Tawāsīn. |
| 500 ## - GENERAL NOTE | |
| General note | Donations |
| 500 ## - GENERAL NOTE | |
| General note | Donations - Dr. Mostafa Gouda |
| 650 #0 - SUBJECT ADDED ENTRY--TOPICAL TERM | |
| Topical term or geographic name as entry element | Sufism |
| General subdivision | Early works to 1800. |
| 942 ## - ADDED ENTRY ELEMENTS (KOHA) | |
| Item type | Book - Borrowing |
| Call number prefix | 297.4A3162 |
| Withdrawn status | Item status | Damaged status | Not for loan | Home library | Current library | Shelving location | Date acquired | Source of acquisition | Total Checkouts | Full call number | Barcode | Date last seen | Koha item type |
|---|---|---|---|---|---|---|---|---|---|---|---|---|---|
| Central Library | Central Library | Lower Floor | 18/12/2006 | Purchase | 2 | 297.4 ALH | 000002468 | 15/07/2025 | Book - Borrowing |